000
00251nam a22001097a 4500
008
170125b xxu||||| |||| 00| 0 eng d
020
_a
0135494699
041
_a
eng
080
_a
61
245
_a
MANAGEMENT OF HEALTH SERVICES
_c
KALUZNY
942
_2
udc
_c
BK
999
_c
3680
_d
3680